Canberra Landmarks on a Map - Statistics

General Stats
  • This quiz has been taken 78 times
  • The average score is 9 of 15
Answers on the Map
Answers color-coded by a green-red scale on the quiz's map according to % correct below.
 
Answer Stats
Answer % Correct
Parliament House
92%
Australian War Memorial
89%
Old Parliament House
85%
National Library of Australia
72%
National Gallery of Australia
65%
Lake Burley Griffin
62%
Questacon
62%
Telstra Tower
62%
Mount Ainslie
60%
National Museum of Australia
58%
High Court of Australia
49%
National Arboretum
45%
National Zoo and Aquarium
38%
Royal Australian Mint
32%
Australian National Botanic Gardens
14%
No matching quizzes found
Score Distribution
Percent of People with Each Score
Percentile by Number Answered
Your Score History
You have not taken this quiz